000 00848cam a2200205 4500
001 WB3901-19
008 030107n2002 000 0 eng u
035 _a(Sirsi) u120937
245 _aStrong market ripples out
260 _c2002
490 _aNationwide Quarterly Review
_vWinter 2002, (4)
520 _aNationwide's latest review of house prices reports a price rise of 1.7% in December 2002, with an annual growth rate of 25.3% or £23 662 during 2002. Yorkshire and Humberside saw the highest annual house price change of 35% in 2002; London ranked twelth with 21%. www.nationwide.co.uk/hpi/quarterly/headlines.htm
590 _aWB
650 _aHOUSE PRICES
650 _aHOUSING MARKET SURVEYS
650 _aNATIONWIDE
650 _aREGIONS
690 _aPROPERTY-RESIDENTIAL PROPERTY-RESIDENTIAL PROPERTY MARKET
942 _n0
999 _c71889
_d71889